|
|
|
|
| LEADER |
00000nab a2200000 a 4500 |
| 001 |
vtls000066600 |
| 003 |
SK-MaSNL |
| 005 |
20260304003238.0 |
| 008 |
140328c1980 xo 0 slo |
| 015 |
|
|
|a SNBRB19rr/mm-uuuuu
|
| 035 |
|
|
|a CL0076700
|
| 040 |
|
|
|a SNKBUCL
|b slo
|c SNKBUCL
|e AACR2
|
| 041 |
0 |
|
|a slo
|
| 044 |
|
|
|a xo
|c SK
|
| 080 |
|
|
|a 639.4/.6
|2 1981
|
| 080 |
|
|
|a 639.9
|2 1981
|
| 100 |
1 |
|
|a Topercer, Emil,
|d 1951-
|4 aut
|9 37217
|
| 245 |
1 |
0 |
|a Ostnokožce v akváriu
|c E. Topercer
|
| 300 |
|
|
|b Obr. 2.
|
| 650 |
0 |
7 |
|a akváriá
|2 snkbucl
|9 21970
|
| 650 |
0 |
7 |
|a ostnatokožce
|2 snkbucl
|9 50778
|
| 650 |
0 |
7 |
|a ježovky
|2 snkbucl
|9 132663
|
| 650 |
0 |
7 |
|a hviezdovky
|2 snkbucl
|9 150664
|
| 655 |
|
7 |
|a články z novín a časopisov
|2 snkbucl
|9 267496
|
| 773 |
0 |
|
|t Záhradkár chovateľ
|g Roč. 16, č. 8 (1980), s. 310
|
| 850 |
|
|
|a Slovenská národná knižnica v Martine
|a MTA001
|
| 852 |
|
|
|a SNK
|b KIS3GCP
|
| 958 |
|
|
|a RK
|
| 992 |
|
|
|a RBX
|
| 999 |
|
|
|c 2546413
|d 2548343
|